000
00273nam a22001217a 4500
008
171025b xxu||||| |||| 00| 0 eng d
041
_a
eng
080
_a
336.2
100
_a
55
101
_a
STA
245
_a
FEDERAL ESTATE AND GIFT TAXATION
_c
NULTY,J.K
942
_2
udc
_c
BK
999
_c
35822
_d
35822